000 00420nam a2200181Ia 4500
001 2774
005 20260306144831.0
008 260306t1961||||xx |||||||||||||| ||spa||
041 _aESP
082 _a230
_bF35
100 _aFeiner, Johannes
_eAUT
245 0 _aPanorama de la teología actual
260 _c1961
300 _a807 páginas :
_c22 cm.
650 _aGEN
654 _aCHU
942 _cLIB
_dJUS
_fJUS
_2ddc
_n
999 _c2774
_d2774